[Event "Warsaw YMCA Autumn-A 220th"]
[Site "Warsaw"]
[Date "2019.11.08"]
[Round "10"]
[White "Kosny, Marek"]
[Black "Choroszej, Aleksander"]
[Result "0-1"]
[WhiteElo "1861"]
[BlackElo "2054"]
[PlyCount "84"]
[EventDate "2019.09.20"]
[EventType "tourn"]
[EventRounds "13"]
[EventCountry "POL"]
[SourceTitle "CBM 195 Extra"]
[Source "ChessBase"]
[SourceDate "2020.05.31"]
[SourceVersion "1"]
[SourceVersionDate "2020.05.31"]
[SourceQuality "1"]

1. Nf3 g6 2. c4 Bg7 3. Nc3 c5 4. g3 Nc6 5. Bg2 e5 6. 0-0 Nge7 7. e4 0-0 8. d3 d6 9. Be3 a6 10. Qd2 Nd4 11. Bh6 Nxf3+ 12. Bxf3 Nc6 13. Bxg7 Kxg7 14. Bg2 Be6 15. h3 Nd4 16. g4 b5 17. b3 bxc4 18. dxc4 g5 19. Ne2 a5 20. Nxd4 cxd4 21. Rfc1 Rc8 22. Bf1 h6 23. a3 Qb6 24. Rab1 Rc7 25. Bd3 Rfc8 26. f3 Qc5 27. b4 axb4 28. axb4 Qa7 29. b5 Qb6 30. Qb4 Ra7 31. Ra1 Rca8 32. Rxa7 Rxa7 33. c5 dxc5 34. Rxc5 Ra4 35. Qxa4 Qxc5 36. Qc2 Qb6 37. Kf1 Kf6 38. Qb2 Ke7 39. Qa3+ Kd7 40. Ke2 Qc7 41. Qb4 Qc1 42. b6 Qe3+ 0-1

[Event "Warsaw YMCA Autumn-A 220th"]
[Site "Warsaw"]
[Date "2019.10.08"]
[Round "4"]
[White "Staniak, Mariusz"]
[Black "Kosny, Marek"]
[Result "0-1"]
[WhiteElo "1808"]
[BlackElo "1861"]
[PlyCount "138"]
[EventDate "2019.09.20"]
[EventType "tourn"]
[EventRounds "13"]
[EventCountry "POL"]
[SourceTitle "CBM 195 Extra"]
[Source "ChessBase"]
[SourceDate "2020.05.31"]
[SourceVersion "1"]
[SourceVersionDate "2020.05.31"]
[SourceQuality "1"]

1. e4 Nf6 2. e5 Nd5 3. d4 d6 4. Bc4 Nb6 5. Bb3 dxe5 6. Qh5 e6 7. dxe5 c5 8. Na3 Nc6 9. Nf3 Nd4 10. 0-0 g6 11. Qg4 Nxf3+ 12. Qxf3 a6 13. Rd1 Qc7 14. Qf6 Rg8 15. Bg5 Bd7 16. Rd2 h6 17. Be3 Bg7 18. Qh4 Qxe5 19. Rad1 Bf6 20. Qg4 h5 21. Qe2 0-0-0 22. Rd6 Nd5 23. Bxd5 exd5 24. R6xd5 Bb5 25. c4 Rxd5 26. Rxd5 Qxb2 27. Qxb2 Bxb2 28. Nxb5 axb5 29. Rxc5+ Kb8 30. Rxb5 Bc3 31. c5 Rc8 32. Bf4+ Ka7 33. Rb3 Ba5 34. Ra3 Ka6 35. Be3 Rc7 36. g3 Kb5 37. Kg2 Bb4 38. Rb3 Kc4 39. Rb1 Bxc5 40. Rc1+ Kd5 41. Rb1 Kc4 42. Rc1+ Kb5 43. Rb1+ Kc6 44. Rc1 b6 45. Rc2 Kb5 46. Kf3 Rd7 47. Bxc5 bxc5 48. Ke4 c4 49. f4 Kb4 50. f5 c3 51. fxg6 fxg6 52. Ke3 Kc4 53. Rc1 Re7+ 54. Kf4 Kd3 55. Kg5 Re6 56. Rd1+ Ke2 57. Rd4 Rc6 58. Re4+ Kd3 59. Re1 c2 60. Rf1 Ke2 61. Rg1 Kd2 62. Rg2+ Kc3 63. Rg1 Kb2 64. Rg2 Kb1 65. Rg1+ Kxa2 66. g4 hxg4 67. Kxg4 c1Q 68. Rxc1 Rxc1 69. Kg5 Rc6 0-1

[Event "Warsaw YMCA Autumn-A 220th"]
[Site "Warsaw"]
[Date "2019.09.27"]
[Round "2"]
[White "Liberadzki, Slawomir"]
[Black "Kosny, Marek"]
[Result "1-0"]
[WhiteElo "1980"]
[BlackElo "1861"]
[PlyCount "107"]
[EventDate "2019.09.20"]
[EventType "tourn"]
[EventRounds "13"]
[EventCountry "POL"]
[SourceTitle "CBM 195 Extra"]
[Source "ChessBase"]
[SourceDate "2020.05.31"]
[SourceVersion "1"]
[SourceVersionDate "2020.05.31"]
[SourceQuality "1"]

1. e4 Nf6 2. e5 Nd5 3. d4 d6 4. c4 Nb6 5. exd6 cxd6 6. Nc3 g6 7. Be3 Bg7 8. Rc1 0-0 9. b3 Nc6 10. d5 Ne5 11. Be2 f5 12. f4 Nf7 13. Bf3 Re8 14. Nge2 e6 15. dxe6 Bxe6 16. Bd4 Rb8 17. 0-0 Nc8 18. Kh1 a6 19. Nd5 Bxd5 20. Bxd5 Ne7 21. Nc3 Bxd4 22. Qxd4 Nc6 23. Qd2 Qf6 24. Rcd1 Rbd8 25. Rfe1 Kf8 26. h3 Rd7 27. Rxe8+ Kxe8 28. Na4 Ncd8 29. Nb6 Rc7 30. Bxf7+ Rxf7 31. Qxd6 Qxd6 32. Rxd6 Re7 33. Rd2 Ne6 34. Nd5 Rg7 35. Re2 Kf7 36. Kg1 Rg8 37. Kf2 Rd8 38. g3 b5 39. Rc2 bxc4 40. bxc4 Nc5 41. Kf3 Ne6 42. Rb2 Rd7 43. Rb6 Ra7 44. Nb4 a5 45. Nc6 Rc7 46. Ne5+ Ke7 47. Ra6 Rc5 48. Ra7+ Nc7 49. Ke3 Kd6 50. Kd4 Ne6+ 51. Kd3 Nc7 52. a4 Ke6 53. Kd4 Kd6 54. Nf7+ 1-0

[Event "Warsaw YMCA Winter-A 209th"]
[Site "Warsaw"]
[Date "2019.03.08"]
[Round "10"]
[White "Kosny, Marek"]
[Black "Liberadzki, Slawomir"]
[Result "0-1"]
[WhiteElo "1849"]
[BlackElo "2013"]
[PlyCount "80"]
[EventDate "2019.01.11"]
[EventType "swiss"]
[EventRounds "13"]
[EventCountry "POL"]
[SourceTitle "CBM 189 Extra"]
[Source "ChessBase"]
[SourceDate "2019.06.03"]
[SourceVersion "1"]
[SourceVersionDate "2019.06.03"]
[SourceQuality "1"]

1. Nf3 d5 2. d4 Nf6 3. g3 e6 4. Bg2 b5 5. 0-0 Bb7 6. a4 b4 7. Ne5 Bd6 8. Nd3 a5 9. c3 Na6 10. Bd2 Qe7 11. cxb4 Nxb4 12. Nxb4 axb4 13. Qb3 0-0 14. Bg5 Ba6 15. Qf3 c5 16. dxc5 Bxc5 17. Rd1 h6 18. Bxf6 Qxf6 19. Qxf6 gxf6 20. e4 dxe4 21. Bxe4 Rad8 22. Nd2 Be2 23. Rdc1 Bxf2+ 24. Kxf2 Rxd2 25. Ke3 Rfd8 26. a5 Rxb2 27. a6 Bxa6 28. Rxa6 Rxh2 29. Rb6 Rb2 30. Rc7 f5 31. Bc2 Kg7 32. Rbb7 Rf8 33. Kd2 b3 34. Rxb3 Rd8+ 35. Ke3 Rxb3+ 36. Bxb3 Kg6 37. Bc2 h5 38. Rc4 Ra8 39. Bd1 Ra3+ 40. Kf4 f6 0-1

[Event "Warsaw YMCA Winter-A 209th"]
[Site "Warsaw"]
[Date "2019.02.08"]
[Round "5"]
[White "Safanowski, Tomasz"]
[Black "Kosny, Marek"]
[Result "0-1"]
[WhiteElo "1829"]
[BlackElo "1849"]
[PlyCount "94"]
[EventDate "2019.01.11"]
[EventType "swiss"]
[EventRounds "13"]
[EventCountry "POL"]
[SourceTitle "CBM 189 Extra"]
[Source "ChessBase"]
[SourceDate "2019.06.03"]
[SourceVersion "1"]
[SourceVersionDate "2019.06.03"]
[SourceQuality "1"]

1. d4 Nf6 2. c4 e6 3. Nc3 d5 4. Bg5 Be7 5. Nf3 Nbd7 6. e3 0-0 7. Rc1 a6 8. cxd5 exd5 9. Bd3 c6 10. 0-0 Re8 11. Bb1 Nf8 12. Ne5 g6 13. f4 Ne6 14. Bh6 Bf8 15. Bxf8 Nxf8 16. f5 g5 17. e4 dxe4 18. Nxe4 h6 19. Rxc6 Nxe4 20. Bxe4 bxc6 21. Bxc6 Rxe5 22. dxe5 Qxd1 23. Rxd1 Ra7 24. g4 Rc7 25. Rd6 h5 26. h3 hxg4 27. hxg4 Re7 28. Rd5 Bb7 29. f6 Rc7 30. Bxb7 Rxb7 31. b3 Rb4 32. Rd6 Rxg4+ 33. Kf2 a5 34. Rd8 a4 35. Kf3 Rb4 36. Re8 axb3 37. axb3 Rxb3+ 38. Kg4 Rb6 39. Kxg5 Re6 40. Re7 Ra6 41. Re8 Ra1 42. Kf4 Rh1 43. Kg5 Rh8 44. Re7 Ng6 45. e6 Nxe7 46. fxe7 Kg7 47. Kf5 Re8 0-1

[Event "Warsaw YMCA Winter-A 209th"]
[Site "Warsaw"]
[Date "2019.01.24"]
[Round "3"]
[White "Kosny, Marek"]
[Black "Podgorski, Maciej"]
[Result "1/2-1/2"]
[WhiteElo "1849"]
[BlackElo "1818"]
[PlyCount "84"]
[EventDate "2019.01.11"]
[EventType "swiss"]
[EventRounds "13"]
[EventCountry "POL"]
[SourceTitle "CBM 189 Extra"]
[Source "ChessBase"]
[SourceDate "2019.06.03"]
[SourceVersion "1"]
[SourceVersionDate "2019.06.03"]
[SourceQuality "1"]

1. Nf3 Nf6 2. c4 d6 3. Nc3 g6 4. g3 Bg7 5. Bg2 0-0 6. 0-0 e5 7. d4 Nc6 8. dxe5 dxe5 9. Qxd8 Rxd8 10. Bg5 Be6 11. b3 h6 12. Bxf6 Bxf6 13. Rad1 Nd4 14. Nxd4 exd4 15. Nd5 Be5 16. Nb4 c6 17. Nd3 Bd6 18. c5 Be7 19. Rd2 a5 20. Rc1 g5 21. Ne5 g4 22. f3 Rd5 23. Nd3 Rg5 24. f4 Rh5 25. Be4 Bd5 26. Nf2 Bxe4 27. Nxe4 Rd5 28. Nf2 Bxc5 29. Nxg4 Kg7 30. Kf1 a4 31. Rd3 axb3 32. Rxb3 Rxa2 33. Rxb7 d3 34. exd3 Rxd3 35. Rxf7+ Kg8 36. Rb7 h5 37. Nf6+ Kf8 38. Nd7+ Kg8 39. Nxc5 Rdd2 40. Ne4 Rxh2 41. Kg1 Rag2+ 42. Kf1 Ra2 1/2-1/2

[Event "Baltic Cup-B 2nd"]
[Site "Darlowko"]
[Date "2018.06.29"]
[Round "6"]
[White "Kosny, Marek"]
[Black "Haliniak, Wojciech"]
[Result "1-0"]
[WhiteElo "1891"]
[BlackElo "1614"]
[PlyCount "117"]
[EventDate "2018.06.24"]
[EventType "swiss"]
[EventRounds "9"]
[EventCountry "POL"]
[SourceTitle "CBM 187 Extra"]
[Source "ChessBase"]
[SourceDate "2018.11.04"]
[SourceVersion "1"]
[SourceVersionDate "2018.11.04"]
[SourceQuality "1"]

1. Nf3 d5 2. d4 Nf6 3. g3 Bf5 4. Bg2 e6 5. 0-0 Bd6 6. c4 c6 7. c5 Bc7 8. Nc3 Nbd7 9. b4 e5 10. dxe5 Nxe5 11. Nd4 Bg6 12. Bg5 h6 13. Bxf6 Qxf6 14. e4 dxe4 15. Qe2 0-0 16. Bxe4 Ng4 17. Rad1 Be5 18. Qxg4 Bxd4 19. Ne2 h5 20. Qf3 Bxe4 21. Qxe4 Be5 22. Rd7 Rfe8 23. Qc4 Re7 24. Rfd1 Rae8 25. a4 Qf3 26. Qd3 Rxd7 27. Qxd7 Re6 28. Qd8+ Kh7 29. Qd3+ Qxd3 30. Rxd3 h4 31. Rd7 Bf6 32. Kf1 Re7 33. Rd3 hxg3 34. hxg3 Re4 35. Rb3 Kg6 36. Ke1 Kf5 37. Kd2 Ke5 38. f3 Rc4 39. Kd3 Kd5 40. Nf4+ Rxf4 41. gxf4 g6 42. Rb1 Bh4 43. Rc1 Bg3 44. Rc4 f5 45. Rd4+ Ke6 46. Rd6+ Kf7 47. Rd7+ Ke6 48. Rxb7 Bxf4 49. Rxa7 g5 50. Rg7 Kf6 51. Rg8 Kf7 52. Rc8 g4 53. fxg4 fxg4 54. Ke2 Ke6 55. Rg8 g3 56. a5 Kd7 57. a6 Kc7 58. a7 Kb7 59. a8Q+ 1-0

[Event "Baltic Cup-B 2nd"]
[Site "Darlowko"]
[Date "2018.06.27"]
[Round "4"]
[White "Kosny, Marek"]
[Black "Kozlowski, Pawel"]
[Result "0-1"]
[WhiteElo "1891"]
[BlackElo "1602"]
[PlyCount "108"]
[EventDate "2018.06.24"]
[EventType "swiss"]
[EventRounds "9"]
[EventCountry "POL"]
[SourceTitle "CBM 187 Extra"]
[Source "ChessBase"]
[SourceDate "2018.11.04"]
[SourceVersion "1"]
[SourceVersionDate "2018.11.04"]
[SourceQuality "1"]

1. Nf3 e6 2. c4 f5 3. Nc3 Nf6 4. g3 b6 5. Bg2 Bb7 6. 0-0 Be7 7. d3 0-0 8. a3 a6 9. b4 d6 10. Qb3 Qe8 11. Be3 Ng4 12. c5 Bf6 13. Bf4 Bxc3 14. Qxc3 e5 15. Bd2 Nc6 16. h3 Nf6 17. cxb6 cxb6 18. Be3 b5 19. Rac1 Rc8 20. Qb2 Qh5 21. Rc2 Ne7 22. Rfc1 Rxc2 23. Rxc2 Ned5 24. Qc1 Kh8 25. Bg5 Nd7 26. Bd2 e4 27. dxe4 fxe4 28. Nd4 Qe5 29. Nc6 Qf5 30. Be1 N7b6 31. Na5 Ba8 32. Qb2 e3 33. f3 Nf6 34. Rc7 d5 35. Bc3 Na4 36. Qc1 Nxc3 37. Qxc3 Qe6 38. Nb3 Qd6 39. f4 h6 40. Nd4 Rg8 41. Nf5 Qe6 42. g4 Qb6 43. Rc8 Bb7 44. Qc7 Qxc7 45. Rxc7 Ba8 46. Nxe3 d4 47. Nf5 Bxg2 48. Kxg2 d3 49. exd3 Nd5 50. Rd7 Nxf4+ 51. Kg3 Ne2+ 52. Kh4 g5+ 53. Kh5 Nf4+ 54. Kxh6 Rg6# 0-1

[Event "Baltic Cup-B 2nd"]
[Site "Darlowko"]
[Date "2018.06.26"]
[Round "3"]
[White "Koruch, Maria"]
[Black "Kosny, Marek"]
[Result "0-1"]
[WhiteElo "1714"]
[BlackElo "1891"]
[PlyCount "60"]
[EventDate "2018.06.24"]
[EventType "swiss"]
[EventRounds "9"]
[EventCountry "POL"]
[SourceTitle "CBM 187 Extra"]
[Source "ChessBase"]
[SourceDate "2018.11.04"]
[SourceVersion "1"]
[SourceVersionDate "2018.11.04"]
[SourceQuality "1"]

1. e4 Nf6 2. e5 Nd5 3. d4 d6 4. c4 Nb6 5. exd6 cxd6 6. Nc3 g6 7. Be3 Bg7 8. Rc1 Nc6 9. b3 0-0 10. d5 Ne5 11. Be2 h5 12. f4 Ng4 13. Bd4 Bh6 14. h3 Nf6 15. Nf3 Bxf4 16. 0-0 Nbd7 17. Nd2 Be5 18. Nde4 Bxd4+ 19. Qxd4 Nxe4 20. Qxe4 Ne5 21. c5 Qa5 22. b4 Qd8 23. b5 f5 24. Qe3 e6 25. c6 Rf7 26. Bf3 Nxf3+ 27. gxf3 f4 28. Qe4 exd5 29. c7 Qg5+ 30. Kh1 dxe4 0-1

[Event "Warsaw YMCA Winter 194th"]
[Site "Warsaw"]
[Date "2018.03.08"]
[Round "9"]
[White "Choroszej, Aleksander"]
[Black "Kosny, Marek"]
[Result "1-0"]
[WhiteElo "2073"]
[BlackElo "1852"]
[PlyCount "63"]
[EventDate "2018.01.04"]
[EventType "swiss"]
[EventRounds "10"]
[EventCountry "POL"]
[SourceTitle "EXT 2019"]
[Source "ChessBase"]
[SourceDate "2018.10.10"]
[SourceVersion "1"]
[SourceVersionDate "2018.10.10"]
[SourceQuality "1"]

1. d4 d5 2. c4 e6 3. Nc3 Nf6 4. Nf3 Be7 5. Bf4 0-0 6. e3 a6 7. c5 Nbd7 8. Bd3 Re8 9. 0-0 Nf8 10. h3 h6 11. b4 Bd7 12. Qc2 b6 13. a3 b5 14. Bh2 c6 15. Ne5 Qc8 16. g4 Bd8 17. f4 Re7 18. g5 N6h7 19. gxh6 gxh6 20. Kh1 f5 21. Rg1+ Kh8 22. Rg3 Be8 23. Rag1 Nf6 24. Qg2 Raa7 25. Be2 a5 26. h4 axb4 27. axb4 Bf7 28. h5 Qa8 29. Rg7 Ng4 30. Bxg4 fxg4 31. Qxg4 Be8 32. Rh7+ 1-0

[Event "Mazowiec-chT 1718"]
[Site "Warsaw"]
[Date "2018.02.04"]
[Round "5.16"]
[White "Sacharewicz, Krzysztof"]
[Black "Kosny, Marek"]
[Result "1/2-1/2"]
[WhiteElo "1795"]
[BlackElo "1852"]
[PlyCount "84"]
[EventDate "2017.12.03"]
[EventType "team-tourn"]
[EventRounds "10"]
[EventCountry "POL"]
[SourceTitle "EXT 2020"]
[Source "ChessBase"]
[SourceDate "2019.10.17"]
[SourceVersion "1"]
[SourceVersionDate "2019.10.17"]
[SourceQuality "1"]

1. e4 Nf6 2. Nc3 d5 3. e5 d4 4. exf6 dxc3 5. fxg7 cxd2+ 6. Qxd2 Qxd2+ 7. Bxd2 Bxg7 8. 0-0-0 Nc6 9. Nf3 Bd7 10. Be3 0-0-0 11. Be2 f6 12. Rd2 a6 13. Rhd1 e5 14. Ne1 Bf5 15. Rxd8+ Rxd8 16. Rxd8+ Kxd8 17. Nd3 b6 18. g4 Be4 19. f3 Bd5 20. Nf2 a5 21. h4 Nd4 22. Bxd4 exd4 23. a4 Bh6+ 24. Kd1 Ke7 25. Ke1 c5 26. b3 Bf4 27. Kf1 h6 28. Kg2 Kd6 29. Nd3 Bd2 30. Nb2 Bc3 31. Nc4+ Kc6 32. Kf2 Bf7 33. Bd3 Bxc4 34. Bxc4 Bd2 35. Ke2 Bf4 36. Kd3 Bg3 37. h5 Kd6 38. Ke4 Be1 39. Kf5 Ke7 40. Ke4 Kd6 41. Kf5 Ke7 42. f4 Bd2 1/2-1/2

[Event "Warsaw YMCA Winter 194th"]
[Site "Warsaw"]
[Date "2018.01.04"]
[Round "1"]
[White "Chomiuk, Lukasz"]
[Black "Kosny, Marek"]
[Result "0-1"]
[WhiteElo "1809"]
[BlackElo "1852"]
[PlyCount "70"]
[EventDate "2018.01.04"]
[EventType "swiss"]
[EventRounds "10"]
[EventCountry "POL"]
[SourceTitle "EXT 2019"]
[Source "ChessBase"]
[SourceDate "2018.10.10"]
[SourceVersion "1"]
[SourceVersionDate "2018.10.10"]
[SourceQuality "1"]

1. d4 d5 2. f4 c5 3. e3 Nc6 4. Nf3 Bg4 5. c3 e6 6. Nbd2 Nf6 7. Bd3 Be7 8. h3 Bxf3 9. Nxf3 Ne4 10. 0-0 0-0 11. Bxe4 dxe4 12. Nd2 f5 13. Qb3 Qd7 14. Rd1 cxd4 15. exd4 Na5 16. Qc2 Rac8 17. Nf1 b5 18. a3 Nc4 19. b3 Nb6 20. Ne3 Bf6 21. Bb2 Nd5 22. Nxd5 exd5 23. a4 b4 24. c4 Qc7 25. Qd2 dxc4 26. Qxb4 Rb8 27. Qd2 Rxb3 28. Ba3 Rc8 29. Bc5 Rcb8 30. Rac1 Rd3 31. Qc2 Qf7 32. Rb1 Rd8 33. Rb4 Qd5 34. Rxd3 cxd3 35. Qc3 a5 0-1

[Event "Warsaw YMCA Winter-A 179th"]
[Site "Warsaw"]
[Date "2017.02.03"]
[Round "4"]
[White "Kosny, Marek"]
[Black "Kasperkiewicz, Pawel"]
[Result "0-1"]
[WhiteElo "1842"]
[BlackElo "1936"]
[PlyCount "44"]
[EventDate "2017.01.13"]
[EventType "tourn"]
[EventRounds "11"]
[EventCountry "POL"]
[SourceTitle "EXT 2018"]
[Source "ChessBase"]
[SourceDate "2017.10.13"]
[SourceVersion "1"]
[SourceVersionDate "2017.10.13"]
[SourceQuality "1"]

1. Nf3 Nf6 2. c4 c5 3. g3 d5 4. cxd5 Nxd5 5. Bg2 Nc6 6. 0-0 e5 7. Nc3 Nc7 8. d3 Be7 9. Bd2 0-0 10. Rc1 Rb8 11. Ne4 Ne6 12. Bc3 f6 13. e3 Kh8 14. Qe2 b6 15. Rfd1 Ba6 16. Qc2 Rc8 17. g4 Qd7 18. Bh3 Ncd4 19. exd4 Nf4 20. Bd2 Nxh3+ 21. Kg2 Qxg4+ 22. Ng3 Bb7 0-1

[Event "Warsaw YMCA Winter-A 163rd"]
[Site "Warsaw"]
[Date "2016.02.17"]
[Round "7"]
[White "Kosny, Marek"]
[Black "Kielar, Maciej"]
[Result "0-1"]
[WhiteElo "1904"]
[BlackElo "2102"]
[PlyCount "80"]
[EventDate "2016.01.08"]
[EventType "tourn"]
[EventRounds "13"]
[EventCountry "POL"]
[SourceTitle "EXT 2018"]
[Source "ChessBase"]
[SourceDate "2017.10.13"]
[SourceVersion "1"]
[SourceVersionDate "2017.10.13"]
[SourceQuality "1"]

1. Nf3 g6 2. c4 Bg7 3. Nc3 d6 4. g3 c5 5. Bg2 Nc6 6. 0-0 e6 7. Rb1 Nge7 8. a3 b6 9. b4 Bb7 10. e3 Qd7 11. Ne2 0-0 12. Bb2 e5 13. d4 cxd4 14. exd4 Qf5 15. Nh4 Qc8 16. c5 dxc5 17. dxc5 bxc5 18. bxc5 Rb8 19. Qa4 Ba6 20. Rfe1 Bd3 21. Nc3 Bxb1 22. Rxb1 Nd4 23. Qxa7 Qe6 24. Nf3 Nec6 25. Qa6 Qf5 26. Nd2 Qc2 27. Bxc6 Qxd2 28. Na4 Qc2 29. Rf1 Rxb2 30. Nxb2 Nxc6 31. Qxc6 Qxb2 32. a4 Qc3 33. Rd1 e4 34. Qxe4 Qxc5 35. Rd5 Qc6 36. a5 Re8 37. Qf3 Re1+ 38. Kg2 Qc4 39. Rd8+ Bf8 40. Rd7 Qf1# 0-1

[Event "Warsaw YMCA Winter-A 163rd"]
[Site "Warsaw"]
[Date "2016.01.21"]
[Round "4"]
[White "Goslawski, Michal"]
[Black "Kosny, Marek"]
[Result "1-0"]
[WhiteElo "2113"]
[BlackElo "1904"]
[PlyCount "99"]
[EventDate "2016.01.08"]
[EventType "tourn"]
[EventRounds "13"]
[EventCountry "POL"]
[SourceTitle "EXT 2018"]
[Source "ChessBase"]
[SourceDate "2017.10.13"]
[SourceVersion "1"]
[SourceVersionDate "2017.10.13"]
[SourceQuality "1"]

1. d4 d5 2. Nf3 Nf6 3. c4 e6 4. g3 Be7 5. Bg2 0-0 6. 0-0 c6 7. Qc2 Nbd7 8. b3 Re8 9. Nc3 Nf8 10. Rd1 Ng6 11. e4 dxe4 12. Nxe4 Nxe4 13. Qxe4 Bf6 14. Bb2 Bd7 15. Qc2 Qa5 16. Bc3 Qf5 17. Qb2 Rad8 18. Rd2 e5 19. dxe5 Nxe5 20. Nxe5 Bxe5 21. Rad1 Bxc3 22. Qxc3 Re7 23. Qb4 Rde8 24. Qxb7 Re1+ 25. Bf1 Rxd1 26. Rxd1 Be6 27. Qxc6 Rf8 28. Qd6 h5 29. h4 Qa5 30. Qd2 Qc7 31. Be2 Qe5 32. Bf3 g6 33. Qd4 Qa5 34. Rd2 Re8 35. c5 Rc8 36. c6 Qf5 37. Be4 Qb5 38. Qd3 Qe5 39. Bg2 Bg4 40. Kh2 a5 41. Qd4 Qe1 42. Qe3 Qa1 43. Qc5 a4 44. b4 Qf6 45. b5 Bf3 46. Bxf3 Qxf3 47. c7 Kg7 48. b6 Re8 49. c8Q Re1 50. Qc3+ 1-0

[Event "Warsaw YMCA Winter-A 163rd"]
[Site "Warsaw"]
[Date "2016.01.13"]
[Round "2"]
[White "Kosny, Marek"]
[Black "Delega, Tomasz"]
[Result "1-0"]
[WhiteElo "1904"]
[BlackElo "2031"]
[PlyCount "51"]
[EventDate "2016.01.08"]
[EventType "tourn"]
[EventRounds "13"]
[EventCountry "POL"]
[SourceTitle "EXT 2018"]
[Source "ChessBase"]
[SourceDate "2017.10.13"]
[SourceVersion "1"]
[SourceVersionDate "2017.10.13"]
[SourceQuality "1"]

1. c4 b6 2. Nc3 Bb7 3. d4 e6 4. e4 Bb4 5. Bd3 f5 6. f3 fxe4 7. fxe4 Bxc3+ 8. bxc3 Bxe4 9. Nf3 Nf6 10. Bg5 Bxd3 11. Qxd3 0-0 12. 0-0-0 Qe8 13. d5 Na6 14. Rhe1 Nc5 15. Qd4 Qg6 16. h4 h6 17. Ne5 Qh7 18. Bxf6 Rxf6 19. Nxd7 Nxd7 20. dxe6 Nc5 21. Qd8+ Rxd8 22. Rxd8+ Rf8 23. e7 Nd7 24. Rf1 Qe4 25. Rfxf8+ Kh7 26. Rh8+ 1-0

[Event "Warsaw YMCA Autumn-A 161st"]
[Site "Warsaw"]
[Date "2015.12.16"]
[Round "13"]
[White "Kosny, Marek"]
[Black "Pietrzak, Wojciech"]
[Result "1-0"]
[WhiteElo "1912"]
[BlackElo "1918"]
[PlyCount "85"]
[EventDate "2015.09.25"]
[EventType "tourn"]
[EventRounds "13"]
[EventCountry "POL"]
[SourceTitle "EXT 2019"]
[Source "ChessBase"]
[SourceDate "2018.10.10"]
[SourceVersion "1"]
[SourceVersionDate "2018.10.10"]
[SourceQuality "1"]

1. Nf3 d5 2. d4 e6 3. c4 c5 4. Nc3 Nc6 5. e3 Nf6 6. Be2 dxc4 7. 0-0 cxd4 8. exd4 Be7 9. Qa4 0-0 10. Qxc4 Nb4 11. Bf4 Nbd5 12. Bg3 Bd7 13. Qb3 Qb6 14. Qxb6 axb6 15. Nxd5 Nxd5 16. Ne5 Rfd8 17. a3 Be8 18. Bf3 f6 19. Nc4 Ra6 20. Ne3 Bc6 21. Rfc1 Ra4 22. Nxd5 Bxd5 23. Bc7 Bxf3 24. Bxd8 Bxd8 25. gxf3 Kf7 26. b4 b5 27. Rc5 Bb6 28. Rxb5 Bxd4 29. Rxb7+ Kg6 30. Rd1 e5 31. Rd3 h5 32. f4 Kf5 33. fxe5 fxe5 34. Rxg7 Ke4 35. Rb3 Ra6 36. Kg2 Rc6 37. b5 Rc2 38. Rf7 Bb6 39. Rf6 Bd8 40. Rd6 Be7 41. Rc6 Bc5 42. Rxc5 Rxc5 43. b6 1-0

[Event "Warsaw YMCA Autumn-A 161st"]
[Site "Warsaw"]
[Date "2015.11.27"]
[Round "10"]
[White "Borowy, Cezary"]
[Black "Kosny, Marek"]
[Result "1-0"]
[WhiteElo "1884"]
[BlackElo "1912"]
[PlyCount "61"]
[EventDate "2015.09.25"]
[EventType "tourn"]
[EventRounds "13"]
[EventCountry "POL"]
[SourceTitle "EXT 2019"]
[Source "ChessBase"]
[SourceDate "2018.10.10"]
[SourceVersion "1"]
[SourceVersionDate "2018.10.10"]
[SourceQuality "1"]

1. e4 Nf6 2. e5 Nd5 3. d4 d6 4. c4 Nb6 5. exd6 cxd6 6. Nc3 g6 7. Be3 Bg7 8. Rc1 0-0 9. b3 Nc6 10. d5 Ne5 11. Be2 Ned7 12. Nf3 Nf6 13. 0-0 Bg4 14. Re1 Rc8 15. Qd2 Re8 16. Ng5 Bxe2 17. Rxe2 a6 18. Bd4 Nbd7 19. Rce1 Bf8 20. Qf4 b5 21. Nce4 Bg7 22. Nxd6 Qc7 23. Rxe7 Rxe7 24. Rxe7 bxc4 25. Rxf7 Bf8 26. Rxd7 Qxd7 27. Qxf6 Bg7 28. Qxg7+ Qxg7 29. Bxg7 Rc7 30. bxc4 Rxg7 31. c5 1-0

[Event "Warsaw YMCA Autumn-A 161st"]
[Site "Warsaw"]
[Date "2015.11.13"]
[Round "8"]
[White "Powalka, Michal"]
[Black "Kosny, Marek"]
[Result "0-1"]
[WhiteElo "1940"]
[BlackElo "1912"]
[PlyCount "54"]
[EventDate "2015.09.25"]
[EventType "tourn"]
[EventRounds "13"]
[EventCountry "POL"]
[SourceTitle "EXT 2019"]
[Source "ChessBase"]
[SourceDate "2018.10.10"]
[SourceVersion "1"]
[SourceVersionDate "2018.10.10"]
[SourceQuality "1"]

1. e4 Nf6 2. e5 Nd5 3. d4 d6 4. Nf3 Bg4 5. Be2 e6 6. 0-0 Be7 7. exd6 cxd6 8. c4 Nb6 9. h3 Bh5 10. b3 0-0 11. Bb2 Bf6 12. Nc3 d5 13. Ne5 Bxe2 14. Qxe2 dxc4 15. bxc4 Nc6 16. Nxc6 bxc6 17. Rfd1 Rb8 18. Rab1 Bxd4 19. Rxd4 Qxd4 20. Ne4 Qd8 21. Qg4 f6 22. Qxe6+ Kh8 23. Nd6 Qd7 24. Re1 Qxe6 25. Rxe6 Nc8 26. Nf7+ Kg8 27. Ba3 Kxf7 0-1

[Event "Warsaw YMCA Autumn-A 161st"]
[Site "Warsaw"]
[Date "2015.11.04"]
[Round "7"]
[White "Kosny, Marek"]
[Black "Kielar, Maciej"]
[Result "1/2-1/2"]
[WhiteElo "1912"]
[BlackElo "2115"]
[PlyCount "112"]
[EventDate "2015.09.25"]
[EventType "tourn"]
[EventRounds "13"]
[EventCountry "POL"]
[SourceTitle "EXT 2019"]
[Source "ChessBase"]
[SourceDate "2018.10.10"]
[SourceVersion "1"]
[SourceVersionDate "2018.10.10"]
[SourceQuality "1"]

1. Nf3 g6 2. c4 Bg7 3. Nc3 e5 4. g3 d6 5. Bg2 Ne7 6. d4 Nd7 7. 0-0 0-0 8. dxe5 dxe5 9. Qc2 h6 10. Rd1 c6 11. e4 Qc7 12. Be3 b6 13. Qd2 Kh7 14. Qd6 Qxd6 15. Rxd6 Re8 16. Rad1 Nf8 17. b3 Bg4 18. h3 Bxf3 19. Bxf3 Ne6 20. Ne2 Rad8 21. c5 Rxd6 22. cxd6 Ng8 23. Bg4 Nf8 24. a4 Nf6 25. a5 c5 26. axb6 axb6 27. Nc3 Rd8 28. b4 h5 29. bxc5 bxc5 30. Be2 Ne6 31. Bc4 Nd4 32. Bxf7 Rxd6 33. Rb1 Bf8 34. f4 Rd7 35. Bc4 Nc2 36. Bc1 exf4 37. gxf4 Rd4 38. Be2 Rb4 39. e5 Ne8 40. Kf2 Nc7 41. Bd3 Nd4 42. Ne4 Nce6 43. Bd2 Rxb1 44. Bxb1 Bh6 45. Ba2 Bxf4 46. Bxf4 Nxf4 47. Nxc5 Nxh3+ 48. Kg3 Ng5 49. Kf4 Kh6 50. e6 Nc6 51. Kg3 Kg7 52. Nd3 Kf6 53. Nf4 Ne7 54. Bb1 Nxe6 55. Bxg6 Nxf4 56. Bxh5 Nxh5+ 1/2-1/2